| 000 | 00623cam a2200193 4500 | ||
|---|---|---|---|
| 001 | WB3714-12 | ||
| 008 | 000000n2001 000 0 eng u | ||
| 035 | _a(Sirsi) u111895 | ||
| 245 | _a18 offshore wind farms planned | ||
| 260 | _c2001 | ||
| 490 |
_aFinancial Times _v5 April 2001, 3(2) |
||
| 520 | _aAs part of government policy to increase the use of wind power 18 new wind farms are planned around the coast of England and Wales. | ||
| 590 | _aWB | ||
| 650 | _aWIND FARMS | ||
| 650 | _aENERGY POLICY | ||
| 650 | _aRENEWABLE ENERGY SOURCES | ||
| 690 | _aENVIRONMENTAL AND LAND CONSULTANCY-ENERGY | ||
| 942 | _n0 | ||
| 999 |
_c66687 _d66687 |
||